Academic writing practice for ielts /

Đã lưu trong:
Sonraí Bibleagrafaíochta
Príomhúdar: MCCarter, Sam
Formáid: Leabhar
Teanga:English
Foilsithe: HCM. : Tổng hợp, 2006.
Ábhair:
Clibeanna: Cuir Clib Leis
Gan Chlibeanna, Bí ar an gcéad duine leis an taifead seo a chlibeáil!
Thư viện lưu trữ: Mạng thư viện Đại học Đà Nẵng
LEADER 01078nam a22003011a 4500
001 000038542
003 14837
005 20220908105700.0
008 160412s2006 000
040 |a lnn  |c lnn  |d lnn 
041 1 |a eng 
082 0 0 |a 428  |b MC-S 
100 1 |a MCCarter, Sam 
245 0 |a Academic writing practice for ielts /  |c Sam Mccarter; Nguyễn Thành Yến C.g. 
260 |a HCM. :  |b Tổng hợp,  |c 2006. 
300 |a 187 p. :  |b ill. ;  |c 25 cm. 
650 0 |a English language  |x Rhetoric  |x Problems, exercises, etc 
650 0 |a English language  |x Textbooks for foreign speakers 
650 0 |a Academic writing  |x Problems, exercises, etc 
OWN |a LNN 
AVA |a UDN50  |b LNN  |c English  |d 428MC-S  |e available  |t Error 5001 Not defined in file expand_doc_bib_avail.  |f 1  |g 0  |h N  |i 3  |j AN 
999 |a From the UDN01 
AVA |a UDN50  |b LNN  |c English  |d 428MC-S  |e available  |t Error 5001 Not defined in file expand_doc_bib_avail.  |f 1  |g 0  |h N  |i 3  |j AN 
TYP |a Monograph 
980 |a Mạng thư viện Đại học Đà Nẵng